• 首页
  • 本馆介绍
  • 公告通知
  • 最新文献
  • 馆藏检索
  • 电子资源
  • 读者导购
  • 参考咨询
  • 我的图书馆
  • 登录
  • 详细信息显示
  • 放入我的书架
  • 预约/预借图书
  • 作者相关作品
  • 分类相关作品
  • 丛书相关作品
  • 出版社相关作品

书目信息

  • 表格格式
  • 工作单格式
  • 卡片格式
题名:
律师礼仪
    
 
作者: 陈绍娟 , 徐浩然 著
分册:  
出版信息: 北京   中国政法大学出版社  2016.08
页数: 200页
开本: 23cm
丛书名:
单 册:
中图分类: D916.5
科图分类:
主题词: 律师--礼仪
电子资源:
ISBN: 978-7-5620-6949-2
000 01064nam0 2200277 450
001 0120161996622
005 20170911155914.32
010    @a978-7-5620-6949-2@dCNY36.00
100    @a20160923d2016 em y0chiy50 ea
101 0  @achi
102    @aCN@b110000
105    @aa z 000yy
106    @ar
200 1  @a律师礼仪@9lu^ shi li yi@e从细节迈向成功@f陈绍娟,徐浩然著
205    @a2版
210    @a北京@c中国政法大学出版社@d2016.08
215    @a200页@c图,照片@d23cm
330    @a本书是一本描述律师礼仪的图书。礼仪在律师的谈判、法庭审判以及与当事人之间的沟通都发挥着重要作用,有时甚至影响着律师的成功与否,而现实中却又很多律师没有注意到这个问题。本书详细的描述了律师的日常礼仪、客户交往礼仪、庭审礼仪,以及其他各个阶段涉及到的礼仪问题,帮助律师从细节处迈向成功。
333    @a广大律师
517 1  @a从细节迈向成功@9cong xi jie mai xiang cheng gong
606 0  @a律师@x礼仪
690    @aD916.5@v5
701  0 @a陈绍娟@9chen shao juan@4著
701  0 @a徐浩然@9xu hao ran@4著
801  0 @aCN@b人天书店@c20160923
905    @b1063978-83@dD916.5@e786:2@f6
    
    律师礼仪:从细节迈向成功/陈绍娟,徐浩然著.-2版.-北京:中国政法大学出版社,2016.08
    200页:图,照片;23cm
    使用对象:广大律师
    
    ISBN 978-7-5620-6949-2:CNY36.00
    本书是一本描述律师礼仪的图书。礼仪在律师的谈判、法庭审判以及与当事人之间的沟通都发挥着重要作用,有时甚至影响着律师的成功与否,而现实中却又很多律师没有注意到这个问题。本书详细的描述了律师的日常礼仪、客户交往礼仪、庭审礼仪,以及其他各个阶段涉及到的礼仪问题,帮助律师从细节处迈向成功。
●
相关链接 在E读中查询图书 在五车中查询图书 在当当中查询图书 在豆瓣中查询图书


正题名:律师礼仪     索取号:D916.5/786:2         预约/预借

序号 登录号 条形码 馆藏地/架位号 状态 备注
1 1063978   210639781   第一样本阅览室/ [索取号:D916.5/786:2] 在馆    
2 1063979   210639790   密集书库-史法系/ [索取号:D916.5/786:2] 在馆    
3 1063980   210639807   第一借阅区/ [索取号:D916.5/786:2] 在馆    
4 1063981   210639816   第一借阅区/ [索取号:D916.5/786:2] 在馆    
5 1063982   210639825   第一借阅区/ [索取号:D916.5/786:2] 在馆    
6 1063983   210639834   第一借阅区/ [索取号:D916.5/786:2] 在馆    
唐山师范学院图书馆 欢迎您!
大连网信软件有限公司© 版权所有